Länder, die den Iran am meisten besuchen - Statistiken

Allgemein
  • Dieses Quiz wurde 152 mal gespielt
  • Das Durchschnittsergebnis liegt bei 13 aus 20
Antwortstatistiken
Touristen Land % Korrekt
1 240 000 Irak
92%
274 000 Pakistan
87%
28 000 Russland
87%
75 000 China
84%
498 000 Türkei
83%
764 000 Afghanistan
81%
58 000 Deutschland
79%
79 000 Indien
79%
20 000 Syrien
71%
46 000 Frankreich
68%
892 000 Aserbaidschan
58%
136 000 Turkmenistan
52%
21 000 Armenien
50%
26 000 Oman
50%
39 000 Italien
49%
49 000 Libanon
49%
74 000 Kuwait
48%
30 000 Georgien
46%
91 000 Bahrain
31%
20 000 Niederlande
23%
Keine übereinstimmenden Quizze gefunden
Verteilung der Resultate
Anzahl Personen mit jedem Resultat
Perzentil nach korrekt beantworteten Fragen
Ihre Resultats-Entwicklung
Sie haben dieses Quiz noch nicht gespielt